Mało znane państwa i tereny z autonomią - Statystyki

Ogólne statystyki
  • Ten quiz został rozwiązany 34 razy
  • Średni wynik to 11 z 20
Statystyki odpowiedzi
Hint Odpowiedź % Poprawnych
Państwo na, którego tronie zasiadł m.in. Karol Wojtyła Watykan
92%
Państwo graniczące tylko ze Szwajcarią i Austrią Liechtenstein
88%
Największa wyspa zależna od Danii Grenlandia
84%
Państwo dość młode, powstało poprzez odłam od Serbii Kosowo
84%
Państwo posiadające największe PKB na mieszkańca w Unii Europejskiej (90 900 euro) Luksemburg
76%
Państwo mało uznawane przez kraje zachodnio-europejskie, broniące się przed atakami Izraelskimi Palestyna
76%
Państwo Azjatyckie, w którym zakazane jest spożywanie i kupowanie gum do żucia Singapur
76%
Wyspa znana ze słynnych posągów Moai. W języku lokalnej ludności wyspa nosi nazwę Rapa Nui Wyspa Wielkanocna
72%
Wyspy położone przy południowym wybrzeżu Argentyny, kontrolowane przez Wielką Brytanię Falklandy
68%
Państwo dobrze znane z turystki wspinaczkowej na Mount Everest Nepal
68%
Terytorium autonomiczne zależne od Maroko Sahara Zachodnia
68%
Najbiedniejszy kraj na świecie, w którym na rok 2021 zamieszkuje 11 mln ludzi Burundi
48%
Wyspa położona na kontynencie Autralia i Ocenia (na swojej fladze ma zielone drzewo) Norfolk
48%
Terytorium stowarzyszone Nowej Zelandii, położone na wyspie koralowej na Oceanie Spokojnym w Polinezji Niue
40%
Wyspy, które swoją nazwą nawiązują do polskiego święta poświęconemu chrystusowi Wyspy Bożego Narodzenia
40%
Wyspa znajdująca się pomiędzy Irlandią, a Wielką Brytanią na kontynencie Europejskim Isle of Man
28%
Państwa, które powstały na terytorium Chin (2) Makau, Hong Kong
28%
Terytorium należące do Wielkiej Brytanii znajdujące się na Oceanie Indyjskim Brytyjskie Terytorium Oceanu Indyjskiego
24%
Afrykańskie państwo znane z wysokiego poziomu wydobycia diamentów Sierra Leone
24%
Te dwa państwa w historii miały zostać koloniami polskimi (2) Trynidad i Tobago, Madagaskar
12%
Nie znaleziono quizów pasujących do podanych kryteriów
Rozkład punktacji
Procent ludzi z każdym wynikiem
Percentyl według liczby udzielonych odpowiedzi
Twoja historia wyników
Nie rozwiązałeś tego quizu